| 000 | 00677nam a2200205 i 4500 | ||
|---|---|---|---|
| 001 | 106487 | ||
| 003 | ES-MaACL | ||
| 005 | 20240312062542.0 | ||
| 007 | t| | ||
| 008 | 061124s1916 sp |||| | spa d | ||
| 080 | _a32(43) | ||
| 100 | 1 |
_aGay, Vicente, _d1876-1949 _956113 |
|
| 245 | 1 | 4 |
_aLos valores políticos alemanes _b: conferencia dada en el Ateneo de Madrid el día 9 de junio de 1916 / _cpor Vicente Gay. |
| 260 |
_a[S.l. : _bs.n., _c1916?] |
||
| 300 |
_a40 p. ; _c21 cm. |
||
| 610 | 2 | 4 |
_aAteneo de Madrid- _vConferencias- _y1900-1939 _91907 |
| 651 | 4 |
_aAlemania- _xPolítica y gobierno. _97668 |
|
| 852 |
_aES-MaACL _j2210-F-11 |
||
| 999 |
_c106487 _d106487 |
||